00500 a2200109 4500082001200000100001500012245012100027260008300148300003800231500006500269856005600334 aBICSE-2 aWaqas Ayub aRadio over Fiber ( RoF) Architecture Integrating Broadband Wireless and Wired Services [Project BICSE2]c Waqas Ayub a Isalamabad,bNUST School of Electrical Engineering & Computer Science,c2008. a47 p.b: ill.c; 27 cm. +eCD-ROM aSupervisors : Dr. S M H Zaidi, Wg. Cdr. (R) Muhammad Ramzan. uhttp://10.250.8.41:8080/xmlui/handle/123456789/8976